| 000 | 00574nam a22002177a 4500 | ||
|---|---|---|---|
| 003 | OSt | ||
| 005 | 20140310182929.0 | ||
| 008 | 130130t xxu||||| |||| 00| 0 eng d | ||
| 020 | _a9789715132459 | ||
| 050 |
_aLB1028 _b.Ar676 2008 |
||
| 082 |
_aFIL 001.42 _bAr2 2008 |
||
| 245 |
_aBasic concepts and methods in research. _cArdales, Venancio B. |
||
| 260 |
_aQuezon City _bGreat Books Trading _cc1992 |
||
| 300 |
_a143 p. _c 22 cm. |
||
| 521 | _aCollege | ||
| 526 | _c1210L-1700L | ||
| 541 | _j1 | ||
| 541 | _j2 | ||
| 562 | _e2 | ||
| 942 |
_2lcc _cBK _kFIL |
||
| 999 |
_c17497 _d17497 |
||